Accountants' truth (Record no. 848)

MARC details
000 -CABECERA
campo de control de longitud fija 03483nam a2200457Ia 4500
001 - NÚMERO DE CONTROL
campo de control 991106792161506196
005 - FECHA Y HORA DE LA ÚLTIMA TRANSACCIÓN
campo de control 20251024093350.0
006 - CÓDIGOS DE INFORMACIÓN DE LONGITUD FIJA--CARACTERÍSTICAS DEL MATERIAL ADICIONAL
campo de control de longitud fija m o d |
007 - CAMPO FIJO DE DESCRIPCIÓN FÍSICA--INFORMACIÓN GENERAL
campo de control de longitud fija cr -n---------
008 - DATOS DE LONGITUD FIJA--INFORMACIÓN GENERAL
campo de control de longitud fija 090821s2009 enk ob 001 0 eng d
020 ## - NÚMERO INTERNACIONAL ESTÁNDAR DEL LIBRO
Número Internacional Estándar del Libro 9780199603107
035 ## - NÚMERO DE CONTROL DEL SISTEMA
Número de control de sistema (CKB)2560000000293316
035 ## - NÚMERO DE CONTROL DEL SISTEMA
Número de control de sistema (EBL)3054101
035 ## - NÚMERO DE CONTROL DEL SISTEMA
Número de control de sistema (OCoLC)714801433
035 ## - NÚMERO DE CONTROL DEL SISTEMA
Número de control de sistema (SSID)ssj0000370238
035 ## - NÚMERO DE CONTROL DEL SISTEMA
Número de control de sistema (PQKBManifestationID)11253006
035 ## - NÚMERO DE CONTROL DEL SISTEMA
Número de control de sistema (PQKBTitleCode)TC0000370238
035 ## - NÚMERO DE CONTROL DEL SISTEMA
Número de control de sistema (PQKBWorkID)10375955
035 ## - NÚMERO DE CONTROL DEL SISTEMA
Número de control de sistema (PQKB)10832651
035 ## - NÚMERO DE CONTROL DEL SISTEMA
Número de control de sistema (StDuBDS)EDZ0000072812
035 ## - NÚMERO DE CONTROL DEL SISTEMA
Número de control de sistema (MiAaPQ)EBC3054101
035 ## - NÚMERO DE CONTROL DEL SISTEMA
Número de control de sistema (MiAaPQ)EBC7033912
035 ## - NÚMERO DE CONTROL DEL SISTEMA
Número de control de sistema (Au-PeEL)EBL7033912
035 ## - NÚMERO DE CONTROL DEL SISTEMA
Número de control de sistema (EXLCZ)992560000000293316
040 ## - FUENTE DE LA CATALOGACIÓN
Centro catalogador/agencia de origen MiAaPQ
Lengua de catalogación eng
Normas de descripción rda
-- pn
Centro/agencia transcriptor MiAaPQ
Centro/agencia modificador MiAaPQ
041 ## - CÓDIGO DE LENGUA
Código de lengua del texto/banda sonora o título independiente eng
050 #4 - SIGNATURA TOPOGRÁFICA DE LA BIBLIOTECA DEL CONGRESO
Número de clasificación HF5625.15
Número de documento/Ítem .G55 2009
100 ## - ENTRADA PRINCIPAL--NOMBRE DE PERSONA
Nombre de persona Gill, Matthew
Forma completa/desarrollada del nombre (Matthew James)
Fechas asociadas al nombre author
245 10 - MENCIÓN DE TÍTULO
Título Accountants' truth
Resto del título : knowledge and ethics in the financial world
Mención de responsabilidad, etc. / Matthew Gill.
260 ## - PUBLICACIÓN, DISTRIBUCIÓN, ETC.
Lugar de publicación, distribución, etc. Oxford ;
-- New York, NY :
Nombre del editor, distribuidor, etc. Oxford University Press,
Fecha de publicación, distribución, etc. 2009.
300 ## - DESCRIPCIÓN FÍSICA
Extensión x, 198 pages :
Otras características físicas charts, tables (black and white) :
Dimensiones 24 cm.
500 ## - NOTA GENERAL
Nota general Description based upon print version of record.
504 ## - NOTA DE BIBLIOGRAFÍA, ETC.
Nota de bibliografía, etc. Includes bibliographical references and index.
520 8# - SUMARIO, ETC.
Sumario, etc. Accounting is the language of business, increasingly standardized across the world through powerful global corporations: a technical skill used to reach the correct, unquestionable answer. Yet, as recent corporate scandals have shown, a whole range of financial professionals (auditors, bankers, analysts, company directors) can collectively fail to question dubious actions. How can this be possible?<br/><br/>To understand such failures, this book explores how accountants construct the technical knowledge they deem relevant to decision-making. In doing so, it not only offers a new way to understand deviance and scandals, but also suggests a reappraisal of accounting knowledge which has important implications for everyday commercial life.<br/><br/>The book is based on interviews with chartered accountants working in the largest accountancy practices in London. The interviews reveal that although accounting decisions seem clear after they have been made, the process of making them is contested and opaque. Yet accountants nonetheless tend to describe their work as if it were straightforward and technical. Accountants' Truth digs beneath the surface to explore how accountants actually construct knowledge, and draws out the implications of that process with respect to issues such as professionalism, performance, transparency, and ethics.<br/><br/>This important book concludes that accountants' technical discourse undermines their ethical reasoning by obscuring the ways in which accounting decisions must be thought through in practice. Accountants with particular ethical perspectives more readily understand and construct particular types of knowledge, so the two issues of knowledge and of ethics are inseparable. Increasingly technical accounting rules can therefore counterproductive. Instead, our best approach to avoiding future scandals is to redefine and reinvigorate professional ethics in the financial world.
546 ## - NOTA DE LENGUA/LENGUAJE
Nota de lengua/lenguaje English
588 ## - NOTA DE FUENTE DE LA DESCRIPCIÓN
Nota de fuente de la descripción Description based on print version record.
650 #0 - PUNTO DE ACCESO ADICIONAL DE MATERIA--TÉRMINO DE MATERIA
Término de materia o nombre geográfico como elemento de entrada Accountants
Subdivisión general Professional ethics
9 (RLIN) 26307
650 #0 - PUNTO DE ACCESO ADICIONAL DE MATERIA--TÉRMINO DE MATERIA
Término de materia o nombre geográfico como elemento de entrada Accounting
Subdivisión general Moral and ethical aspects
9 (RLIN) 26308
650 #0 - PUNTO DE ACCESO ADICIONAL DE MATERIA--TÉRMINO DE MATERIA
Término de materia o nombre geográfico como elemento de entrada Accounting
Subdivisión general Decision making
9 (RLIN) 26309
942 ## - ELEMENTOS DE ENTRADA AGREGADA (KOHA)
Fuente del sistema de clasificación o colocación Clasificación de Library of Congress
Holdings
Estado de retiro Estado de pérdida Fuente del sistema de clasificación o colocación Estado dañado No para préstamo Biblioteca de origen Biblioteca actual Ubicación en estantería Fecha de adquisición Total de préstamos Signatura topográfica completa Código de barras Fecha visto por última vez Número de copia Precio válido a partir de Tipo de ítem Koha
    Clasificación de Library of Congress     TBS Barcelona TBS Barcelona Libre acceso 17/11/2011   HF5625.15 GIL B05700 25/08/2017 1 05/03/2023 Book

Powered by Koha